[Event "Team junior-girls chess final 2017"]
[Site "Sochi"]
[Date "2017.05.02"]
[Round "2.3"]
[White "Vyrtosu, Natalia"]
[Black "Yakimova, Mariya"]
[Result "1-0"]
[WhiteElo "1871"]
[BlackElo "1808"]
[PlyCount "133"]
[EventDate "2017.05.01"]

1. d4 e6 2. Nf3 Nf6 3. g3 b6 4. Bg2 Bb7 5. O-O Be7 6. c4 O-O 7. Nc3 Ne4 8. Qd3
Nxc3 9. Qxc3 Bf6 10. Bf4 d6 11. Qd2 h6 12. h4 Nd7 13. Rfd1 Qe7 14. g4 Bxf3 15.
Bxf3 Bxh4 16. Bxa8 Rxa8 17. Qe3 Bf6 18. Bg3 e5 19. dxe5 Nxe5 20. Bxe5 Qxe5 21.
Qxe5 Bxe5 22. Rd2 Re8 23. Kg2 Bf6 24. Kf3 a5 25. Rh1 Kf8 26. e3 Re6 27. Rh5 Ke7
28. Rhd5 Kd7 29. b3 Kc6 30. a3 Kb7 31. Ke2 Bc3 32. Rc2 Bf6 33. Kd3 g6 34. Ke2
Re4 35. Kf3 Re6 36. b4 c6 37. Rd3 a4 38. c5 Be7 39. cxb6 Kxb6 40. Rd4 Kb5 41.
Rf4 Rf6 42. Rxf6 Bxf6 43. Ke4 Bg7 44. Kd3 Bf6 45. Rd2 Be7 46. Kc2 Bf8 47. Rd4
d5 48. Rf4 c5 49. Rxf7 Bd6 50. bxc5 Bxc5 51. Kb2 Kc4 52. Rf4+ Kb5 53. Kc3 Bxa3
54. Rd4 Bc5 55. Rxd5 a3 56. Re5 g5 57. Kb3 a2 58. Kxa2 Kc4 59. Kb2 Bb4 60. Kc2
Be1 61. f3 Bf2 62. Kd2 Bg3 63. Re6 Kd5 64. Rxh6 Ke5 65. Kd3 Bf2 66. Rg6 Bh4 67.
Kc4 1-0

[Event "Team junior-girls chess final 2017"]
[Site "Sochi"]
[Date "2017.05.02"]
[Round "2.3"]
[White "Tukaeva, Aida"]
[Black "Girshgorn, Maria"]
[Result "1/2-1/2"]
[WhiteElo "1852"]
[BlackElo "1813"]
[PlyCount "99"]
[EventDate "2017.05.01"]

1. e4 c5 2. Nf3 d6 3. Bb5+ Bd7 4. Bxd7+ Qxd7 5. O-O Nc6 6. Qe2 Nf6 7. c3 e6 8.
Rd1 Be7 9. d4 cxd4 10. cxd4 d5 11. e5 Ne4 12. Nbd2 Nxd2 13. Bxd2 O-O 14. a3
Rac8 15. Rac1 a6 16. Qd3 Na7 17. Ng5 Bxg5 18. Bxg5 Rxc1 19. Rxc1 Rc8 20. Qg3
Rxc1+ 21. Bxc1 Qa4 22. Qd3 Nc6 23. Be3 Na5 24. h3 Nc4 25. Bc1 Qa5 26. Qc2 h6
27. Kh2 Qb6 28. Qc3 Qc6 29. Bf4 a5 30. Bc1 a4 31. Bf4 Qb6 32. Bc1 Kf8 33. f4
Qb5 34. Qc2 Kg8 35. f5 exf5 36. Qxf5 Qb6 37. Qc8+ Kh7 38. Qf5+ Kg8 39. Qc8+ Kh7
40. Qf5+ Qg6 41. Qf2 b5 42. Qf3 Qe6 43. g4 Kg8 44. Kg3 Qc6 45. Qf4 Na5 46. Bd2
Nb3 47. Bc3 Qc4 48. Qe3 Qc7 49. Qf3 Qc4 50. Qe3 1/2-1/2

[Event "Team junior-girls chess final 2017"]
[Site "Sochi"]
[Date "2017.05.02"]
[Round "2.3"]
[White "Bondareva, Daria"]
[Black "Fairuzova, Zulfiiya"]
[Result "1/2-1/2"]
[WhiteElo "1778"]
[BlackElo "1677"]
[PlyCount "81"]
[EventDate "2017.05.01"]

1. e4 e6 2. d4 d5 3. exd5 exd5 4. c4 Nf6 5. Nc3 c6 6. Bd3 Be7 7. Nge2 h6 8. O-O
O-O 9. Re1 Nbd7 10. cxd5 Nxd5 11. Nxd5 cxd5 12. Bf4 Nf6 13. Rc1 Bd6 14. Bxd6
Qxd6 15. h3 Bd7 16. Nc3 a6 17. Qb3 Bc6 18. Be2 Rfe8 19. Bf3 Rad8 20. Rcd1 Rc8
21. g3 Rcd8 22. Bg2 Qd7 23. Re5 Kf8 24. Qb4+ Qd6 25. Qxd6+ Rxd6 26. f4 Nd7 27.
Rxe8+ Kxe8 28. Kf2 Nb6 29. Re1+ Kd8 30. b3 f6 31. Ke2 Re6+ 32. Kd2 Rxe1 33.
Kxe1 Ke7 34. Kd2 Kd6 35. Nd1 Nc8 36. Ne3 Ne7 37. Kc3 Bd7 38. Kd2 Bc8 39. a3 Bd7
40. Kd3 Bc8 41. Kd2 1/2-1/2

[Event "Team junior-girls chess final 2017"]
[Site "Sochi"]
[Date "2017.05.02"]
[Round "2.3"]
[White "Gibadullina, Rajana"]
[Black "Kasaeva, Sofiia"]
[Result "0-1"]
[WhiteElo "1706"]
[BlackElo "1661"]
[PlyCount "70"]
[EventDate "2017.05.01"]

1. e4 c5 2. Nc3 e6 3. g3 d5 4. d3 d4 5. Nce2 Nc6 6. Bg2 e5 7. f4 Bd6 8. f5 Nf6
9. Nf3 Bd7 10. O-O Qe7 11. a4 O-O-O 12. a5 h6 13. Nd2 g6 14. fxg6 fxg6 15. Nc4
Bc7 16. Bd2 g5 17. Qb1 Rdg8 18. Qa2 h5 19. Rf2 Ng4 20. Rf3 h4 21. Be1 Be6 22.
b3 Rf8 23. Rxf8+ Qxf8 24. a6 b6 25. c3 Qh6 26. gxh4 gxh4 27. h3 Ne3 28. Qd2 Rg8
29. Ng3 hxg3 30. cxd4 cxd4 31. Rc1 Bd7 32. b4 Rh8 33. Na3 Bxh3 34. Bf3 Bg2 35.
Bxg2 Qh2# 0-1

[Event "Team junior-girls chess final 2017"]
[Site "Sochi"]
[Date "2017.05.02"]
[Round "2.4"]
[White "Tokmakova, Ulyana"]
[Black "Moiseeva, Olesya"]
[Result "0-1"]
[WhiteElo "1315"]
[BlackElo "1687"]
[PlyCount "64"]
[EventDate "2017.05.01"]

1. Nf3 d5 2. b3 c5 3. Bb2 Nc6 4. e3 Bf5 5. Be2 e6 6. O-O Nf6 7. c4 d4 8. exd4
cxd4 9. d3 Bc5 10. a3 a5 11. Nbd2 O-O 12. Nh4 Bg6 13. Nxg6 hxg6 14. Nf3 Nh7 15.
Re1 Re8 16. Bf1 e5 17. g3 f5 18. Nh4 Qf6 19. Bg2 g5 20. Bd5+ Kh8 21. Nf3 Bd6
22. Bc1 g4 23. Nd2 Rab8 24. Bg2 Ng5 25. f3 gxf3 26. Nxf3 Nxf3+ 27. Qxf3 Qg6 28.
h4 e4 29. dxe4 fxe4 30. Rxe4 Rxe4 31. Qxe4 Qxg3 32. Ra2 Rf8 0-1

[Event "Team junior-girls chess final 2017"]
[Site "Sochi"]
[Date "2017.05.02"]
[Round "2.4"]
[White "Mikhailova, Yuliya"]
[Black "Zelenskaya, Anastasiya"]
[Result "1/2-1/2"]
[WhiteElo "1771"]
[BlackElo "1738"]
[PlyCount "164"]
[EventDate "2017.05.01"]

1. d4 d5 2. c4 c6 3. Nc3 Nf6 4. Nf3 e6 5. Bg5 Be7 6. cxd5 exd5 7. Qc2 Nbd7 8.
e3 Nf8 9. Bd3 Ne6 10. Bh4 g6 11. Rb1 Ng7 12. b4 Bf5 13. b5 O-O 14. bxc6 bxc6
15. O-O Bxd3 16. Qxd3 Nf5 17. Bg5 Ne4 18. Bxe7 Qxe7 19. Ne5 Nxc3 20. Qxc3 Rfc8
21. Rfc1 f6 22. Nf3 Nd6 23. Nd2 Qd7 24. h3 Rc7 25. Rb2 Rac8 26. Rbc2 Nb7 27.
Qa3 Nd6 28. Qd3 Kg7 29. Qa6 f5 30. Nb3 Nc4 31. Na5 Nb6 32. Qd3 Qd6 33. Qc3 Kf7
34. Qc5 Qe6 35. Qb4 Qf6 36. Rc5 Nd7 37. R5c3 Nb6 38. Qb3 Qd6 39. Qc2 Ke7 40.
Qd1 Kf7 41. Qc2 Kg7 42. g3 Kh6 43. Kg2 Kg7 44. Qd1 Kf7 45. Qb3 Nd7 46. Nb7 Qe7
47. Nc5 Nxc5 48. Rxc5 Kg7 49. Qa4 Qe6 50. Ra5 Qe7 51. Ra6 Qd7 52. Rc5 Kf7 53.
Rca5 Ra8 54. Qb4 Kg7 55. Qc5 Kf7 56. Ra3 Kg7 57. Rb3 Kf7 58. Ra4 Kg7 59. Rab4
Rac8 60. Rb8 Kf7 61. Rxc8 Rxc8 62. Qa5 Qe7 63. Qa6 Rc7 64. Rc3 Qd6 65. Qa5 Qe7
66. Qa6 Qd6 67. Rb3 Qe7 68. Rb8 Kg7 69. Rc8 Kf7 70. Rb8 Kg7 71. Rb3 Kf7 72. Rc3
Qd6 73. Rb3 Qe7 74. Rb8 Kg7 75. Rb2 Kf7 76. Rb8 Kg7 77. Rc8 Kf7 78. Ra8 Kg7 79.
Rb8 Kf7 80. Ra8 Kg7 81. Rc8 Kf7 82. Rb8 Kg7 1/2-1/2

[Event "Team junior-girls chess final 2017"]
[Site "Sochi"]
[Date "2017.05.02"]
[Round "2.4"]
[White "Lintsova, Liliya"]
[Black "Baisheva, Nyurguiaana"]
[Result "0-1"]
[WhiteElo "1528"]
[BlackElo "1728"]
[PlyCount "50"]
[EventDate "2017.05.01"]

1. d4 d5 2. Bf4 Nf6 3. e3 c5 4. c3 Nc6 5. Nd2 g6 6. h3 Bg7 7. Ngf3 O-O 8. Be2
Nd7 9. O-O Re8 10. Nb3 b6 11. Bh2 a6 12. Qc2 e5 13. dxe5 Ndxe5 14. Rad1 Bf5 15.
Qc1 Nxf3+ 16. Bxf3 Be4 17. Nd2 Bd3 18. Rfe1 Qg5 19. Bf4 Qf5 20. Bg4 Qf6 21. Nf3
Be4 22. Bd7 Rf8 23. Ng5 Ne5 24. Nxe4 dxe4 25. Bc6 Qxc6 0-1

[Event "Team junior-girls chess final 2017"]
[Site "Sochi"]
[Date "2017.05.02"]
[Round "2.4"]
[White "Izbekova, Evdokia"]
[Black "Asatryan, Maria"]
[Result "1-0"]
[WhiteElo "1513"]
[BlackElo "1349"]
[PlyCount "55"]
[EventDate "2017.05.01"]

1. e4 c5 2. Nf3 d6 3. d4 cxd4 4. Nxd4 Nf6 5. Nc3 g6 6. Be3 Bg7 7. f3 Nc6 8. Qd2
O-O 9. g4 Bd7 10. O-O-O a5 11. h4 Ne5 12. Be2 Rc8 13. h5 a4 14. a3 Nc4 15. Bxc4
Rxc4 16. hxg6 fxg6 17. e5 Nxg4 18. fxg4 Bxg4 19. Rdg1 dxe5 20. Rxg4 exd4 21.
Qd3 Rc6 22. Bxd4 Rd6 23. Qc4+ Rf7 24. Bxg7 Kxg7 25. Rxh7+ Kxh7 26. Qxf7+ Kh6
27. Rh4+ Kg5 28. Qf4# 1-0

[Event "Team junior-girls chess final 2017"]
[Site "Sochi"]
[Date "2017.05.04"]
[Round "3.1"]
[White "Moiseeva, Olesya"]
[Black "Podgornova, Anna"]
[Result "1-0"]
[WhiteElo "1687"]
[BlackElo "1708"]
[PlyCount "163"]
[EventDate "2017.05.01"]

1. e4 c5 2. Nf3 d6 3. d4 cxd4 4. Nxd4 Nf6 5. Nc3 a6 6. Bg5 e6 7. Bc4 Be7 8. Bb3
O-O 9. O-O Qc7 10. Qd3 Nbd7 11. f3 b5 12. Rad1 Nc5 13. Qe2 Bb7 14. a4 b4 15.
Na2 Qa5 16. Bd2 Nxb3 17. cxb3 d5 18. e5 Nd7 19. Qe1 Bc5 20. Bxb4 Bxb4 21. Nxb4
Nxe5 22. Qxe5 Qxb4 23. f4 Rfe8 24. Rde1 f6 25. Qe3 e5 26. Nf5 Bc8 27. Ng3 Bd7
28. Qd3 Qc5+ 29. Kh1 a5 30. Rc1 Qd6 31. Ne4 Bf5 32. Nxd6 Bxd3 33. Rfd1 Red8 34.
Nb7 Be2 35. Re1 Rdb8 36. Nc5 Bg4 37. h3 Bh5 38. fxe5 fxe5 39. Rxe5 Bf7 40. Rc3
Rb4 41. Kh2 Rc8 42. Re2 Rb6 43. Rec2 d4 44. Nd7 Rxc3 45. bxc3 Rxb3 46. cxd4 Bg6
47. Rc5 Rb4 48. Ne5 Rb8 49. Rxa5 Be4 50. Rc5 h6 51. Kg3 Rb2 52. Nf3 Rb4 53. Nd2
Bxg2 54. Kxg2 Rb2 55. Kf3 Rxd2 56. Rc4 Rd3+ 57. Kg4 Kf7 58. h4 Ke6 59. a5 Ra3
60. Rc6+ Kd5 61. Rc7 g5 62. h5 Kxd4 63. Rc6 Rxa5 64. Rxh6 Ke4 65. Rg6 Ra1 66.
Kxg5 Rg1+ 67. Kh6 Rh1 68. Rg5 Kf4 69. Rc5 Kg4 70. Kg6 Rb1 71. Rc4+ Kf3 72. Rc6
Rg1+ 73. Kh7 Rh1 74. h6 Rd1 75. Kg7 Rg1+ 76. Rg6 Rc1 77. h7 Rc7+ 78. Kh6 Rc8
79. Rg8 Rc6+ 80. Kg5 Rc5+ 81. Kf6 Rc6+ 82. Ke5 1-0

[Event "Team junior-girls chess final 2017"]
[Site "Sochi"]
[Date "2017.05.04"]
[Round "3.1"]
[White "Lysokon, Polina"]
[Black "Andreeva, Anastasiia"]
[Result "1-0"]
[WhiteElo "1610"]
[BlackElo "1598"]
[PlyCount "147"]
[EventDate "2017.05.01"]

1. e4 e6 2. d4 d5 3. Nd2 c5 4. c3 Nc6 5. Ngf3 Nf6 6. e5 Nd7 7. Bd3 Qb6 8. Qa4
cxd4 9. cxd4 Qb4 10. Qxb4 Nxb4 11. Bb1 Nb6 12. O-O Bd7 13. a3 Nc6 14. b4 Be7
15. Bd3 O-O 16. Nb3 Na4 17. Rb1 a6 18. Bd2 Na7 19. Nc5 Bc6 20. Bc2 Nb6 21. Bc1
Nb5 22. Rb3 Nc4 23. a4 Nc7 24. Rb1 Bxc5 25. bxc5 Rab8 26. Nd2 b5 27. cxb6 Rxb6
28. Rxb6 Nxb6 29. Ba3 Rc8 30. a5 Nd7 31. f4 Nb5 32. Bb2 g6 33. g4 Bb7 34. Bd3
Nb8 35. f5 Rf8 36. Nb3 Nd7 37. h4 Kh8 38. fxe6 fxe6 39. Rxf8+ Nxf8 40. Nc5 Bc8
41. Bxb5 axb5 42. a6 Nd7 43. a7 Nb6 44. Bc3 Na8 45. Ba5 Kg8 46. Kf2 Kf7 47. Ke3
Ke7 48. Kd3 Bd7 49. Nxd7 Kxd7 50. Kc3 h5 51. g5 Kc6 52. Kb4 Kb7 53. Kxb5 Kxa7
54. Kc6 Ka6 55. Bd8 Nb6 56. Kd6 Nc4+ 57. Kxe6 Ne3 58. Kf6 Nf5 59. e6 Kb7 60. e7
Nd6 61. Kxg6 Kc6 62. Kxh5 Kd7 63. g6 Ke8 64. Kg5 Ne4+ 65. Kf5 Ng3+ 66. Ke5 Nh5
67. Kxd5 Nf4+ 68. Ke4 Nxg6 69. h5 Nh8 70. d5 Nf7 71. Kf5 Nd6+ 72. Ke6 Nf7 73.
h6 Nh8 74. d6 1-0

[Event "Team junior-girls chess final 2017"]
[Site "Sochi"]
[Date "2017.05.04"]
[Round "3.1"]
[White "Mikhailova, Yuliya"]
[Black "Surovtseva, Alisa"]
[Result "1/2-1/2"]
[WhiteElo "1771"]
[BlackElo "1588"]
[PlyCount "127"]
[EventDate "2017.05.01"]

1. d4 d5 2. c4 c6 3. Nc3 Nf6 4. Bg5 dxc4 5. a4 h6 6. Bh4 Nd5 7. e4 Nxc3 8. bxc3
b5 9. Nf3 Bb7 10. Qb1 a6 11. Be2 Nd7 12. O-O g5 13. Bg3 Bg7 14. Bxc4 Nb6 15.
Bb3 O-O 16. Be5 e6 17. Bxg7 Kxg7 18. Ne5 Nd7 19. Nxd7 Qxd7 20. Bc2 f5 21. exf5
exf5 22. Re1 c5 23. axb5 Qd5 24. f3 cxd4 25. bxa6 Rxa6 26. Rxa6 Bxa6 27. Qb6
Bc4 28. Qxd4+ Qxd4+ 29. cxd4 Rd8 30. Rd1 Kf6 31. Kf2 h5 32. g3 Bd5 33. Rd2 Ra8
34. Bd1 Ra3 35. Be2 g4 36. f4 h4 37. Bd3 h3 38. Be2 Ra1 39. Bd1 Ke6 40. Ke3 Be4
41. Kf2 Kd6 42. Ke3 Rb1 43. Kf2 Kd5 44. Ke3 Ra1 45. Bb3+ Kd6 46. Bd1 Kd5 47.
Bb3+ Kd6 48. Bc2 Bxc2 49. Rxc2 Ra3+ 50. Ke2 Kd5 51. Rd2 Ra1 52. Kd3 Rg1 53. Ke3
Re1+ 54. Kd3 Re4 55. Kc3 Re3+ 56. Kc2 Ra3 57. Kb2 Ra4 58. Kc3 Rc4+ 59. Kd3
Rxd4+ 60. Ke3 Rxd2 61. Kxd2 Kd4 62. Ke2 Ke4 63. Kf2 Kd3 64. Kg1 1/2-1/2

[Event "Team junior-girls chess final 2017"]
[Site "Sochi"]
[Date "2017.05.04"]
[Round "3.1"]
[White "Tolstykh, Arina"]
[Black "Baisheva, Nyurguiaana"]
[Result "0-1"]
[WhiteElo "1439"]
[BlackElo "1728"]
[PlyCount "100"]
[EventDate "2017.05.01"]

1. d4 Nf6 2. c4 e6 3. Nc3 Bb4 4. Qc2 c5 5. dxc5 O-O 6. a3 Bxc5 7. e3 b6 8. Bd3
Bb7 9. Nf3 Bxf3 10. gxf3 Nc6 11. b4 Be7 12. Ne4 Ne5 13. Bb2 Nxd3+ 14. Qxd3 Nxe4
15. Qxe4 Rc8 16. O-O f5 17. Qd3 d6 18. Rad1 Qe8 19. Kh1 Qh5 20. e4 e5 21. Qd5+
Kh8 22. Qd3 Bg5 23. Bc1 Bxc1 24. Rxc1 Rf6 25. Rg1 fxe4 26. fxe4 Rxf2 27. Qg3
Qf7 28. Qg4 Rf8 29. Rcd1 Rf6 30. Qe2 g6 31. Rd3 Qxc4 32. Re3 Qc6 33. Qd2 Rf2
34. Qc1 Rc2 35. Qd1 Rff2 36. Rge1 Rxh2+ 37. Kg1 Rcg2+ 38. Kf1 Rd2 39. Qf3 Qc4+
40. R3e2 Kg7 41. a4 Rdxe2 42. Rxe2 Qxe2+ 43. Qxe2 Rxe2 44. Kxe2 h5 45. Kf3 Kf6
46. Kg3 g5 47. b5 Ke6 48. Kf3 d5 49. exd5+ Kxd5 50. Kg3 Kd4 0-1

[Event "Team junior-girls chess final 2017"]
[Site "Sochi"]
[Date "2017.05.04"]
[Round "3.2"]
[White "Yakimova, Mariya"]
[Black "Tokmakova, Ulyana"]
[Result "0-1"]
[WhiteElo "1808"]
[BlackElo "1315"]
[PlyCount "84"]
[EventDate "2017.05.01"]

1. e4 c5 2. Nf3 d6 3. d4 cxd4 4. Nxd4 Nf6 5. Nc3 a6 6. Bc4 e6 7. Bb3 Be7 8. O-O
O-O 9. Re1 Nbd7 10. Bxe6 fxe6 11. Nxe6 Qb6 12. Nxf8 Nxf8 13. Be3 Qc7 14. Nd5
Nxd5 15. exd5 Bf6 16. Bd4 Bxd4 17. Qxd4 Qxc2 18. Rac1 Qg6 19. Rc7 Bh3 20. g3
Nd7 21. Qe4 Qh5 22. f4 h6 23. b4 b5 24. Rec1 Rb8 25. a3 Nb6 26. Qd4 Qg6 27. Re7
Kh8 28. Rcc7 Qb1+ 29. Kf2 Qf1+ 30. Ke3 Nc4+ 31. Rxc4 Qe1+ 32. Kf3 Qxe7 33. Rc3
Re8 34. Rc2 Bf5 35. Rd2 Qf7 36. Kf2 Qh5 37. h4 Qg4 38. Qc3 Qh3 39. Qc6 Rc8 40.
Qxd6 Qh2+ 41. Ke3 Qxg3+ 42. Kd4 Qc3# 0-1

[Event "Team junior-girls chess final 2017"]
[Site "Sochi"]
[Date "2017.05.04"]
[Round "3.2"]
[White "Zelenskaya, Anastasiya"]
[Black "Tukaeva, Aida"]
[Result "0-1"]
[WhiteElo "1738"]
[BlackElo "1852"]
[PlyCount "48"]
[EventDate "2017.05.01"]

1. e4 d6 2. d4 Nf6 3. Nc3 c6 4. f3 Nbd7 5. Be3 e5 6. Nge2 Be7 7. Qd2 Qa5 8.
O-O-O b5 9. Ng3 b4 10. Nb1 Nb6 11. a3 c5 12. axb4 cxb4 13. dxe5 dxe5 14. Qe2 a6
15. Nf5 Bxf5 16. exf5 Nbd7 17. b3 O-O 18. Kb2 Nd5 19. Bf2 Nc3 20. Qe1 Qa2+ 21.
Kc1 Bg5+ 22. Be3 Bxe3+ 23. Qxe3 Qxb1+ 24. Kd2 Qxd1# 0-1

[Event "Team junior-girls chess final 2017"]
[Site "Sochi"]
[Date "2017.05.04"]
[Round "3.2"]
[White "Fairuzova, Zulfiiya"]
[Black "Lintsova, Liliya"]
[Result "0-1"]
[WhiteElo "1677"]
[BlackElo "1528"]
[PlyCount "84"]
[EventDate "2017.05.01"]

1. d4 d5 2. c4 c6 3. Nc3 dxc4 4. a4 e5 5. d5 Bb4 6. e4 Nf6 7. Bg5 O-O 8. Bxf6
Qxf6 9. Bxc4 Rd8 10. Qc2 Qg5 11. g3 a5 12. h4 Qf6 13. Rd1 Bd7 14. Nge2 Bg4 15.
Rd3 Bf3 16. Rxf3 Qxf3 17. Rf1 Rc8 18. Qd3 Qxd3 19. Bxd3 Rd8 20. Bc4 Nd7 21.
dxc6 bxc6 22. f4 Ra7 23. Kf2 Kf8 24. Rd1 Ke7 25. Nc1 f6 26. Nd3 Bxc3 27. bxc3
Nc5 28. Ke3 Nxd3 29. Bxd3 Rad7 30. f5 c5 31. c4 Rb7 32. g4 Rb3 33. Rd2 Ra3 34.
g5 Rxa4 35. g6 h6 36. h5 Rb4 37. Ra2 Rb3 38. Rd2 a4 39. Ke2 a3 40. Bc2 Rxd2+
41. Kxd2 a2 42. Bxb3 a1=Q 0-1

[Event "Team junior-girls chess final 2017"]
[Site "Sochi"]
[Date "2017.05.04"]
[Round "3.2"]
[White "Asatryan, Maria"]
[Black "Gibadullina, Rajana"]
[Result "0-1"]
[WhiteElo "1349"]
[BlackElo "1706"]
[PlyCount "52"]
[EventDate "2017.05.01"]

1. d4 g6 2. c4 Bg7 3. Nf3 d6 4. g3 Nf6 5. Bg2 Nbd7 6. Nc3 O-O 7. O-O e5 8. e3
Re8 9. b4 exd4 10. exd4 Nf8 11. Bb2 Bf5 12. Nh4 Bg4 13. Qb3 Rb8 14. h3 Bd7 15.
Rad1 Ne6 16. d5 Ng5 17. Kh1 Qc8 18. g4 Bxg4 19. hxg4 Qxg4 20. Nxg6 hxg6 21. Nb5
Qh4+ 22. Bh3 Ng4 23. Kg2 Re3 24. Bxg4 Qxg4+ 25. Kh2 Qh3+ 26. Kg1 Nf3# 0-1

[Event "Team junior-girls chess final 2017"]
[Site "Sochi"]
[Date "2017.05.04"]
[Round "3.3"]
[White "Assaubayeva, Bibisara"]
[Black "Vyrtosu, Natalia"]
[Result "1-0"]
[WhiteElo "2224"]
[BlackElo "1871"]
[PlyCount "63"]
[EventDate "2017.05.01"]

1. d4 d5 2. c4 dxc4 3. Nf3 Nf6 4. e3 Bg4 5. Bxc4 e6 6. h3 Bh5 7. Nc3 Nbd7 8. g4
Bg6 9. Nh4 Nb6 10. Nxg6 hxg6 11. Bf1 Bb4 12. Bg2 Nfd5 13. Bd2 c6 14. e4 Nf6 15.
a3 Be7 16. Bf4 Qd7 17. Qd3 Bd8 18. O-O-O Bc7 19. Be3 O-O-O 20. Qe2 Kb8 21. Kb1
Ne8 22. f4 f5 23. d5 exd5 24. exd5 Nxd5 25. Nxd5 cxd5 26. Rxd5 Nd6 27. Rhd1
Rhe8 28. R1d4 Qe6 29. Re5 Qf6 30. Rxd6 Qxd6 31. Rxe8 Rxe8 32. Qb5 1-0

[Event "Team junior-girls chess final 2017"]
[Site "Sochi"]
[Date "2017.05.04"]
[Round "3.3"]
[White "Girshgorn, Maria"]
[Black "Bulatova, Kamaliya"]
[Result "0-1"]
[WhiteElo "1813"]
[BlackElo "2009"]
[PlyCount "120"]
[EventDate "2017.05.01"]

1. d4 Nf6 2. Nf3 g6 3. c4 Bg7 4. Nc3 O-O 5. g3 d6 6. Bg2 Nbd7 7. O-O e5 8. e3
Re8 9. a4 c6 10. b3 Qc7 11. Ba3 Bf8 12. Qc2 a6 13. Rfd1 Qb8 14. Nd2 Nh5 15. b4
Ndf6 16. d5 Bd7 17. dxc6 Bxc6 18. Nde4 Nxe4 19. Nxe4 f5 20. Nc3 Bxg2 21. Kxg2
Qc7 22. Nd5 Qf7 23. b5 Rac8 24. Nb6 Rcd8 25. Qd3 Nf6 26. Nd5 Ne4 27. b6 Nc5 28.
Qc2 Ne6 29. Qb3 Kh8 30. Ra2 g5 31. Rad2 g4 32. Nc7 Nxc7 33. bxc7 Qxc7 34. c5
dxc5 35. Rxd8 Rxd8 36. Rxd8 Qxd8 37. Qe6 Qc7 38. Qxf5 Bg7 39. Qxg4 Qc6+ 40. Kg1
c4 41. Qh4 h6 42. Qd8+ Kh7 43. Bf8 c3 44. Qe7 Qf6 45. Qxf6 Bxf6 46. Kf1 c2 47.
Ba3 b5 48. axb5 axb5 49. Ke2 b4 50. Bc1 e4 51. Kd2 b3 52. h3 Kg6 53. Ba3 Kf5
54. Kc1 Bc3 55. g4+ Kg6 56. Bd6 Be1 57. Bg3 Kf6 58. Bh4+ Ke6 59. g5 hxg5 60.
Bxg5 Bb4 0-1

[Event "Team junior-girls chess final 2017"]
[Site "Sochi"]
[Date "2017.05.04"]
[Round "3.3"]
[White "Garifullina, Leya"]
[Black "Bondareva, Daria"]
[Result "0-1"]
[WhiteElo "2015"]
[BlackElo "1778"]
[PlyCount "120"]
[EventDate "2017.05.01"]

1. e4 e5 2. Nf3 Nc6 3. Bb5 a6 4. Ba4 Nf6 5. O-O b5 6. Bb3 Be7 7. Re1 O-O 8. a3
d6 9. c3 d5 10. exd5 Nxd5 11. Nxe5 Nxe5 12. Rxe5 c6 13. d3 Bd6 14. Re1 Bf5 15.
a4 Qh4 16. g3 Qh3 17. Bxd5 cxd5 18. Re3 Bg4 19. Qf1 Qh5 20. axb5 Rae8 21. Rxa6
Bh3 22. Qxh3 Qxh3 23. Rxd6 Qh5 24. Kg2 Qd1 25. Rxe8 Rxe8 26. Be3 Qxb1 27. Rxd5
Qxb2 28. Bd4 Qb3 29. Rc5 f6 30. h4 Qb1 31. h5 h6 32. g4 Qxd3 33. b6 Qe4+ 34.
Kg3 Qe6 35. Ra5 Qd6+ 36. Kf3 Rb8 37. Ra6 Qc6+ 38. Kg3 Qb5 39. Ra1 Rxb6 40. Bxb6
Qxb6 41. Re1 Qc7+ 42. Kg2 Qf4 43. f3 Qd2+ 44. Kf1 Qxc3 45. Kf2 f5 46. Re2 f4
47. Re4 Qd2+ 48. Re2 Qd4+ 49. Kf1 Kf7 50. Re4 Qd2 51. Re2 Qd3 52. Kf2 Kf6 53.
Re4 Kg5 54. Re1 Qd2+ 55. Re2 Qd4+ 56. Kg2 Kh4 57. Ra2 Qe3 58. Rc2 Qe1 59. Rf2
Qxf2+ 60. Kxf2 Kh3 0-1

[Event "Team junior-girls chess final 2017"]
[Site "Sochi"]
[Date "2017.05.04"]
[Round "3.3"]
[White "Kasaeva, Sofiia"]
[Black "Stepanyan, Eva"]
[Result "1-0"]
[WhiteElo "1661"]
[BlackElo "1938"]
[PlyCount "75"]
[EventDate "2017.05.01"]

1. e4 e5 2. Nf3 Nc6 3. Nc3 Nf6 4. Bb5 Bc5 5. O-O d6 6. d3 a6 7. Ba4 h6 8. h3
O-O 9. Bxc6 bxc6 10. d4 exd4 11. Nxd4 Bd7 12. Bf4 Re8 13. Re1 Bb4 14. Qf3 d5
15. e5 Ne4 16. Rad1 Bxc3 17. bxc3 Qe7 18. Nb3 Be6 19. Qe3 Bf5 20. Nd4 Bd7 21.
Nb3 Qh4 22. c4 Be6 23. Nd4 Ng5 24. Bxg5 hxg5 25. cxd5 cxd5 26. Nf3 Qc4 27. Nxg5
Qxa2 28. Qd3 g6 29. Nxe6 Rxe6 30. Qxd5 Qxc2 31. Qxa8+ Kg7 32. Rd8 Rxe5 33. Rg8+
Kf6 34. Qd8+ Kf5 35. g4+ Kf4 36. Qf6+ Rf5 37. gxf5 Qd2 38. fxg6# 1-0

[Event "Team junior-girls chess final 2017"]
[Site "Sochi"]
[Date "2017.05.04"]
[Round "3.4"]
[White "Vinokur, Yuliya"]
[Black "Ilyina, Lada"]
[Result "1-0"]
[WhiteElo "2233"]
[BlackElo "1670"]
[PlyCount "77"]
[EventDate "2017.05.01"]

1. Nf3 d5 2. c4 c6 3. g3 Nf6 4. Bg2 Bf5 5. O-O e6 6. b3 Nbd7 7. Bb2 Be7 8. d3
h6 9. Nbd2 O-O 10. Rc1 Bh7 11. Rc2 a5 12. a3 Nc5 13. Qa1 Ne8 14. Rfc1 dxc4 15.
Rxc4 Nd7 16. Nd4 Nb6 17. R4c2 Nd6 18. N2f3 Bf6 19. e4 Ndc8 20. Rd1 Nd7 21. Bc3
Qb6 22. Nd2 e5 23. Nc4 Qc7 24. Nf3 Re8 25. Bh3 Nc5 26. Qb2 Nxd3 27. Rxd3 Bxe4
28. Re3 Bxc2 29. Qxc2 Nd6 30. Ncxe5 Nb5 31. Bb2 Rad8 32. a4 Nd6 33. Bf1 Qc8 34.
Bd3 Re7 35. Ba3 Bxe5 36. Nxe5 Rc7 37. Bc5 Re7 38. f4 f6 39. Bh7+ 1-0

[Event "Team junior-girls chess final 2017"]
[Site "Sochi"]
[Date "2017.05.04"]
[Round "3.4"]
[White "Strukova, Ksenia"]
[Black "Mironenko, Galina"]
[Result "0-1"]
[WhiteElo "1762"]
[BlackElo "1949"]
[PlyCount "172"]
[EventDate "2017.05.01"]

1. d4 Nc6 2. c4 e5 3. Nf3 exd4 4. Nxd4 Ne5 5. e3 Bb4+ 6. Bd2 Bxd2+ 7. Nxd2 Nf6
8. N2f3 d6 9. Be2 O-O 10. O-O Qe7 11. Qc2 Ng6 12. Rfd1 Re8 13. Rac1 Ne4 14. Bd3
Ng5 15. Nxg5 Qxg5 16. Nf3 Qf6 17. Nd2 Bg4 18. Re1 Rad8 19. Be4 c6 20. Bf3 Bc8
21. Ne4 Qe5 22. Qc3 Nh4 23. Qxe5 Nxf3+ 24. gxf3 dxe5 25. Red1 Rxd1+ 26. Rxd1 f5
27. Nc3 Be6 28. b3 Kf7 29. Na4 g5 30. Nc5 Bc8 31. f4 gxf4 32. exf4 exf4 33. Nd3
f3 34. Re1 Rg8+ 35. Kf1 Rg2 36. Ne5+ Kf6 37. Nxf3 Rg8 38. Ng1 Rd8 39. Nf3 a6
40. Nh4 b5 41. Rc1 b4 42. Ng2 Rd2 43. Ra1 c5 44. Ne3 Bb7 45. Ke1 Rd4 46. Rd1
Ke5 47. Rxd4 cxd4 48. Nc2 a5 49. Kd2 Be4 50. Ne1 Kf4 51. Nc2 Ke5 52. Ne1 Kf4
53. Nc2 Ke5 54. f4+ Kxf4 55. Nxd4 Bb7 56. Ne6+ Ke5 57. Nc5 Bc6 58. Nd3+ Kd4 59.
Nf2 f4 60. Nh3 f3 61. Ng5 h6 62. Nh3 Be4 63. Nf2 Bb1 64. Ng4 h5 65. Nf2 Bf5 66.
h4 Be6 67. Nd3 Bf5 68. Nf2 Be6 69. Nd1 Bf5 70. Nf2 Bb1 71. Kc1 Ke3 72. Nd1+ Ke2
73. a3 Bf5 74. axb4 axb4 75. c5 Bd7 76. Kc2 Bb5 77. Kc1 f2 78. Nxf2 Kxf2 79.
Kd2 Kf3 80. Ke1 Kg3 81. c6 Bxc6 82. Kf1 Kxh4 83. Kf2 Kg4 84. Kg1 h4 85. Kh2 h3
86. Kg1 Kg3 0-1

[Event "Team junior-girls chess final 2017"]
[Site "Sochi"]
[Date "2017.05.04"]
[Round "3.4"]
[White "Nasybullina, Dayana"]
[Black "Granovskaya, Ekaterina"]
[Result "1/2-1/2"]
[WhiteElo "1786"]
[BlackElo "1741"]
[PlyCount "108"]
[EventDate "2017.05.01"]

1. e4 e5 2. Nc3 Nc6 3. g3 g6 4. Bg2 Bg7 5. Nge2 d6 6. O-O Be6 7. d3 f5 8. Be3
Qf6 9. Nd5 Qf7 10. c3 O-O-O 11. b4 a6 12. a4 Nf6 13. Nxf6 Bxf6 14. b5 Nb8 15.
Qb1 d5 16. Rc1 a5 17. b6 c6 18. exd5 Bxd5 19. Bxd5 Qxd5 20. d4 h5 21. dxe5 Bxe5
22. Nf4 Qf7 23. Qc2 Nd7 24. Nh3 Bf6 25. Ng5 Qe7 26. Nf3 h4 27. Re1 Qf7 28. Ng5
Qc4 29. Qa2 Qxa2 30. Rxa2 Ne5 31. Kg2 Rh5 32. Ne6 Re8 33. Nf4 Rh7 34. Bd4 hxg3
35. fxg3 Rhe7 36. Bxe5 Rxe5 37. Rxe5 Bxe5 38. Re2 Kd8 39. Nxg6 Bxc3 40. Rxe8+
Kxe8 41. Nh4 f4 42. gxf4 Bd4 43. Kf3 Bxb6 44. Ke4 Kf7 45. f5 Bd8 46. Ng6 Bf6
47. Nf4 b5 48. axb5 cxb5 49. Nd5 b4 50. Kd3 b3 51. Nb6 Bd4 52. Na4 b2 53. Kc2
Kf6 54. Nxb2 Bxb2 1/2-1/2